Normal view MARC view

Entry Personal Name

Number of records used in: 1

001 - CONTROL NUMBER

  • control field: 11838

003 - CONTROL NUMBER IDENTIFIER

  • control field: OSt

005 - DATE AND TIME OF LATEST TRANSACTION

  • control field: 20170314144243.0

008 - FIXED-LENGTH DATA ELEMENTS

  • fixed length control field: 170314|| aca||aabn | a|a d

040 ## - CATALOGING SOURCE

  • Original cataloging agency: OSt
  • Transcribing agency: OSt

100 ## - HEADING--PERSONAL NAME

  • Personal name: Richardson, Jim

670 ## - SOURCE DATA FOUND

  • Source citation: Work cat.: (OSt)5684: Glasper, E Alan 11836, A Textbook of children's and young people's nursing /, 2006.